| 000 | 00872nam a2200241 i 4500 | ||
|---|---|---|---|
| 001 | 105306 | ||
| 003 | ES-MaACL | ||
| 005 | 20231204173935.0 | ||
| 007 | t| | ||
| 008 | 060623s1969 sp ||||1| spa d | ||
| 080 | _a75 Verdú, Francisco (083.82) | ||
| 100 | 1 |
_aVerdú, Francisco. _9114044 |
|
| 245 | 1 | 0 |
_aFrancisco Verdú _b: [exposición, Festivales de España 1969] / _c[texto: Federico Muelas]. |
| 260 |
_a[Madrid] : _bPublicaciones Españolas, _c[1969] |
||
| 300 |
_a[16] p. : _bil. ; _c23 cm. |
||
| 490 | 1 |
_aCuadernos de arte. Serie divulgación ; _v108 bis |
|
| 600 | 1 | 4 |
_aVerdú, Francisco- _vExposiciones. _9114045 |
| 700 | 1 |
_aMuelas, Federico, _d1909-1974 _984034 |
|
| 710 | 2 |
_aFestivales de España. _94125 |
|
| 830 | 0 |
_aCuadernos de arte. Serie divulgación ; _v108 bis _9184876 |
|
| 852 |
_aES-MaACL _j2205-F-27 _bR.137770 |
||
| 999 |
_c105306 _d105306 |
||